Meilleurs sons d'Angèle - Statistiques

Statistiques générales
  • Ce quiz a été pris 366 fois
    248 depuis la dernière actualisation
  • Le résultat moyen est 9 sur 15
Statistiques - réponses
Rang Streams Streams % Correct
2 Balance ton quoi 184,1M
94%
3 Tout oublier (ft. Roméo Elvis) 136,9M
76%
5 Ta reine 94,4M
75%
6 Démons (ft. Damso) 88,9M
74%
1 Fever (ft. Dua Lipa) 394,5M
70%
4 Oui ou non 95,3M
67%
7 Bruxelles je t'aime 68,4M
63%
7 Flou 78,6M
63%
13 La loi de Murphy 43,9M
58%
8 La thune 67,6M
53%
12 Jalousie 49,2M
48%
15 Je veux tes yeux 39,5M
46%
11 Libre 52,0M
46%
10 Silence (ft. Damso) 63,2M
34%
14 CP_009_Évidemment (ft. Orelsan) 41,4M
32%
Aucun quiz correspondant
Distribution des résultats
% des personnes avec chaque résultat
Percentile par nombre de réponses
Votre historique - résultats
Vous n’avez pas pris ce quiz depuis la dernière actualisation